[Event "Bayern-ch Seniors 21st"]
[Site "Bergen"]
[Date "2009.06.28"]
[Round "9"]
[White "Kokulinsky, Ralf"]
[Black "Ponnath, Klaus"]
[Result "0-1"]
[WhiteElo "1459"]
[BlackElo "1486"]
[PlyCount "120"]
[EventDate "2009.06.20"]
[EventType "swiss"]
[EventRounds "9"]
[EventCountry "GER"]
[SourceTitle "EXT 2015"]
[Source "ChessBase"]
[SourceDate "2014.11.20"]
[SourceVersion "1"]
[SourceVersionDate "2014.11.20"]
[SourceQuality "1"]

1. d4 Nf6 2. Nf3 g6 3. Bg5 Bg7 4. Nbd2 d6 5. e3 Nbd7 6. c4 c6 7. Bd3 Qc7 8. 0-0 0-0 9. b4 h6 10. Bxf6 Bxf6 11. Ne4 Bg7 12. Rb1 e5 13. d5 f5 14. Ng3 e4 15. Nxe4 fxe4 16. Bxe4 Rf6 17. Qc2 Nf8 18. Rfd1 Bg4 19. dxc6 bxc6 20. b5 Bxf3 21. Bxf3 Rxf3 22. gxf3 cxb5 23. Qe4 Rd8 24. Rxb5 Kh7 25. Rb7 Qc8 26. Rxa7 Ne6 27. f4 Nc5 28. Qg2 Qb8 29. Ra8 Qxa8 30. Qxa8 Rxa8 31. Rxd6 Rxa2 32. Rd5 Ne4 33. f3 Nd2 34. c5 Nxf3+ 35. Kf1 Nxh2+ 36. Ke1 Rc2 37. e4 h5 38. e5 Bf8 39. e6 Rxc5 40. Rd7+ Kg8 41. e7 Bxe7 42. Rxe7 Rf5 43. Re4 Kg7 44. Kf2 Ng4+ 45. Kg3 Nf6 46. Rd4 Rb5 47. Kh4 Rb1 48. Kg3 Rg1+ 49. Kh3 Ng4 50. Kh4 Ne3 51. Re4 Rg4+ 52. Kh3 Kf6 53. Rxe3 Rxf4 54. Rc3 Re4 55. Rf3+ Ke5 56. Rg3 Kf5 57. Ra3 g5 58. Ra5+ Kf4 59. Ra3 Re3+ 60. Rxe3 Kxe3 0-1

[Event "Bayern-ch Seniors 19th"]
[Site "Schloss Schney"]
[Date "2007.06.20"]
[Round "9"]
[White "Ponnath, Klaus"]
[Black "Ludwig, Egbert"]
[Result "1-0"]
[WhiteElo "1515"]
[BlackElo "1219"]
[PlyCount "90"]
[EventDate "2007.06.12"]
[EventType "swiss"]
[EventRounds "9"]
[EventCountry "GER"]
[SourceTitle "EXT 2008"]
[Source "ChessBase"]
[SourceDate "2007.11.25"]
[SourceVersion "1"]
[SourceVersionDate "2007.11.25"]
[SourceQuality "1"]

1. e4 e6 2. d3 d5 3. Nd2 c5 4. Ngf3 Nf6 5. g3 Nc6 6. Bg2 Be7 7. 0-0 0-0 8. Re1 b5 9. Qe2 Re8 10. e5 Nd7 11. Nf1 Bb7 12. c3 Qb6 13. Bf4 Rac8 14. h4 h6 15. g4 Nf8 16. h5 Rcd8 17. b3 a6 18. g5 hxg5 19. Bxg5 Bxg5 20. Nxg5 Bc8 21. h6 g6 22. Nh2 Nh7 23. Nxh7 Kxh7 24. Ng4 Re7 25. Qf3 Bb7 26. Qf6 Rg8 27. Re3 Qd8 28. Rh3 Rd7 29. Qxd8 Rdxd8 30. Nf6+ Kh8 31. Nxg8 Rxg8 32. Re1 Ne7 33. d4 Kh7 34. dxc5 Nf5 35. c4 Bc6 36. cxd5 Bd7 37. c6 Bc8 38. d6 Nxh6 39. d7 Kg7 40. dxc8Q Rxc8 41. Rd3 Ng8 42. Red1 Rc7 43. Rd8 b4 44. Ra8 g5 45. Rxa6 Kh6 1-0

[Event "Bayern-ch Seniors 19th"]
[Site "Schloss Schney"]
[Date "2007.06.19"]
[Round "8"]
[White "Ponnath, Klaus"]
[Black "Porkristl, Werner"]
[Result "0-1"]
[WhiteElo "1515"]
[BlackElo "1548"]
[PlyCount "120"]
[EventDate "2007.06.12"]
[EventType "swiss"]
[EventRounds "9"]
[EventCountry "GER"]
[SourceTitle "EXT 2008"]
[Source "ChessBase"]
[SourceDate "2007.11.25"]
[SourceVersion "1"]
[SourceVersionDate "2007.11.25"]
[SourceQuality "1"]

1. e4 Nf6 2. d3 e6 3. Nf3 Be7 4. g3 0-0 5. Bg2 c6 6. c3 d6 7. 0-0 e5 8. h3 Bd7 9. Re1 h6 10. Nbd2 Nh7 11. Nf1 Na6 12. Qe2 Nc7 13. Be3 Ne6 14. d4 Bf6 15. Rad1 Qc8 16. Kh2 exd4 17. cxd4 Bg5 18. h4 Bf6 19. Qd2 Qd8 20. Qb4 Qc7 21. Kg1 Rfe8 22. Qd2 Qd8 23. N1h2 Nef8 24. Bf4 Be7 25. e5 d5 26. Nf1 a5 27. Ne3 Bb4 28. Qe2 Bxe1 29. Rxe1 b5 30. Nh2 Qb6 31. Rd1 Ne6 32. Qh5 Nxf4 33. gxf4 Qd8 34. f5 f6 35. f4 Rf8 36. e6 Be8 37. Qg4 Ra7 38. h5 Qd6 39. Nf3 Qb4 40. Rd2 a4 41. Nf1 a3 42. b3 c5 43. dxc5 Qxc5+ 44. Kh1 Bc6 45. Qg3 b4 46. N1h2 d4 47. Ng4 Bxf3 48. Bxf3 Kh8 49. Qf2 Qxf5 50. Qxd4 Re7 51. Qxb4 Rxe6 52. Nh2 Rfe8 53. Kg2 Qb1 54. Qd4 f5 55. Kh3 Nf6 56. Rg2 R8e7 57. Qa4 Qc1 58. Qb4 Qc7 59. Kg3 Re3 60. Nf1 Ne4+ 0-1

[Event "Bayern-ch Seniors 19th"]
[Site "Schloss Schney"]
[Date "2007.06.14"]
[Round "3"]
[White "Peiberg, Ehrhard"]
[Black "Ponnath, Klaus"]
[Result "1-0"]
[WhiteElo "1718"]
[BlackElo "1515"]
[PlyCount "71"]
[EventDate "2007.06.12"]
[EventType "swiss"]
[EventRounds "9"]
[EventCountry "GER"]
[SourceTitle "EXT 2008"]
[Source "ChessBase"]
[SourceDate "2007.11.25"]
[SourceVersion "1"]
[SourceVersionDate "2007.11.25"]
[SourceQuality "1"]

1. d4 Nf6 2. c4 g6 3. Nc3 Bg7 4. e4 d6 5. Be2 0-0 6. Bg5 h6 7. Be3 Na6 8. h3 c5 9. d5 Qa5 10. Qd2 Kh7 11. Nf3 Qd8 12. 0-0 Nc7 13. Rad1 a6 14. a4 Bd7 15. Qc2 Rb8 16. e5 Nfe8 17. exd6 Nxd6 18. Bxc5 Bf5 19. Bd3 Nce8 20. Bxf5 Nxf5 21. Rfe1 b6 22. Be3 Nxe3 23. Rxe3 Nd6 24. b3 Rc8 25. Ne4 f5 26. Nxd6 Qxd6 27. Qe2 Bf6 28. Nd4 Rfd8 29. Nc6 Rd7 30. Re6 Qa3 31. Ne5 Rd6 32. Rxd6 exd6 33. Nd7 Bd8 34. Nf8+ Kg7 35. Ne6+ Kh7 36. Nxd8 1-0

[Event "GER-ch Seniors Gp-B 18th"]
[Site "Dresden"]
[Date "2006.07.24"]
[Round "3"]
[White "Ponnath, Klaus"]
[Black "Fleischer, Ernst"]
[Result "1-0"]
[WhiteElo "1515"]
[BlackElo "1621"]
[PlyCount "107"]
[EventDate "2006.07.22"]
[EventType "swiss"]
[EventRounds "9"]
[EventCountry "GER"]
[SourceTitle "EXT 2022"]
[Source "ChessBase"]
[SourceDate "2021.10.06"]
[SourceVersion "1"]
[SourceVersionDate "2021.10.06"]
[SourceQuality "1"]

1. e4 d6 2. Nf3 Nf6 3. c3 Nc6 4. d3 e5 5. g3 Be7 6. Bg2 0-0 7. Nbd2 b6 8. 0-0 a5 9. Re1 Ba6 10. Nf1 Rb8 11. Ne3 Bc8 12. h3 h6 13. Nh4 Nh7 14. Nhf5 Bg5 15. h4 Bxe3 16. Bxe3 Bxf5 17. exf5 Ne7 18. Bh3 f6 19. Kh1 Kh8 20. Rg1 Rg8 21. g4 Nd5 22. Qf3 Nxe3 23. fxe3 d5 24. Rg3 c6 25. Rag1 Qe7 26. e4 dxe4 27. Qxe4 c5 28. Qe2 Rbe8 29. Bg2 g6 30. Bd5 Rg7 31. fxg6 Rxg6 32. Be4 Rg7 33. Qe3 f5 34. Bxf5 Qxh4+ 35. Kg2 Qg5 36. Rh1 Qxe3 37. Rxe3 Reg8 38. Rxh6 Rxg4+ 39. Bxg4 Rxg4+ 40. Rg3 Rxg3+ 41. Kxg3 b5 42. Re6 b4 43. Rxe5 bxc3 44. bxc3 c4 45. dxc4 Nf6 46. c5 Nd7 47. Rh5+ Kg7 48. c6 Nb6 49. Rxa5 Kf7 50. Rb5 Nc8 51. Rd5 Ke7 52. a4 Nb6 53. Rd4 Nxa4 54. Rxa4 1-0

[Event "GER-ch Seniors Gp-B 18th"]
[Site "Dresden"]
[Date "2006.07.22"]
[Round "1"]
[White "Ponnath, Klaus"]
[Black "Gensch, Manfred"]
[Result "0-1"]
[WhiteElo "1515"]
[BlackElo "1716"]
[PlyCount "76"]
[EventDate "2006.07.22"]
[EventType "swiss"]
[EventRounds "9"]
[EventCountry "GER"]
[SourceTitle "EXT 2022"]
[Source "ChessBase"]
[SourceDate "2021.10.06"]
[SourceVersion "1"]
[SourceVersionDate "2021.10.06"]
[SourceQuality "1"]

1. e4 c5 2. Nf3 Nc6 3. g3 g6 4. Bg2 Bg7 5. 0-0 e6 6. d3 Nge7 7. c3 0-0 8. Re1 b5 9. Nbd2 Bb7 10. h3 b4 11. e5 Qc7 12. Nc4 Nf5 13. g4 Nfe7 14. Bg5 Nd5 15. Nd6 Ba6 16. c4 Nb6 17. Nb5 Qb8 18. Bf6 Bb7 19. Nd6 Bxf6 20. Nxb7 Be7 21. Nd6 Bxd6 22. exd6 Qxd6 23. Qe2 Rac8 24. Qe3 Kg7 25. Rac1 Na4 26. Qe2 Nd4 27. Qe5+ Qxe5 28. Nxe5 d6 29. Nf3 Nxf3+ 30. Bxf3 Nxb2 31. Re3 Na4 32. h4 Nc3 33. Rc2 a5 34. g5 a4 35. Rd2 Rb8 36. d4 cxd4 37. Rxd4 Rfc8 38. h5 Nxa2 0-1